The role of politics and institutions in the Italian administrative reform trajectory (Record no. 94173)

000 -LEADER
fixed length control field 01187pab a2200169 454500
008 - FIXED-LENGTH DATA ELEMENTS--GENERAL INFORMATION
fixed length control field 180718b2011 xxu||||| |||| 00| 0 eng d
100 ## - MAIN ENTRY--PERSONAL NAME
Personal name Ongaro, Edoardo
245 ## - TITLE STATEMENT
Title The role of politics and institutions in the Italian administrative reform trajectory
260 ## - PUBLICATION, DISTRIBUTION, ETC.
Date of publication, distribution, etc. 2011
300 ## - PHYSICAL DESCRIPTION
Extent p.738-755.
520 ## - SUMMARY, ETC.
Summary, etc. This article applies broad conceptual categories of campartive politics to the explanation of administrative reform in Italy. It takes as its arguement some lines of influence on public sector reforms of the features of the party system in Italy, the executive -legislative balance, the politician -bureaucrat relationship, and the role of administrative law. In the serch for explanation for the trajectory of administrative reform, pre-existing political and institutional factors also have to be interpreted through the lens of negotiated change occuring via processes of conversion and layering involving new and old institution that has taken place in Italy since the political crisis began in 1992. - Reproduced.
650 ## - SUBJECT ADDED ENTRY--TOPICAL TERM
Topical term or geographic name entry element Administrative reform - Italy
650 ## - SUBJECT ADDED ENTRY--TOPICAL TERM
Topical term or geographic name entry element Administrative reform
773 ## - HOST ITEM ENTRY
Main entry heading Public Administration
908 ## - PUT COMMAND PARAMETER (RLIN)
Put command parameter N
909 ## -
-- 94173
Holdings
Withdrawn status Lost status Damaged status Not for loan Permanent Location Current Location Date acquired Serial Enumeration / chronology Barcode Date last seen Price effective from Koha item type
        Indian Institute of Public Administration Indian Institute of Public Administration 2018-07-19 Volume no: 89, Issue no: 3 AR94633 2018-07-19 2018-07-19 Articles

Powered by Koha